Principles of financial accounting / (Record no. 10770)

MARC details
000 -LEADER
fixed length control field 00960cam a22002894a 4500
001 - CONTROL NUMBER
control field 13277831
005 - DATE AND TIME OF LATEST TRANSACTION
control field 20201124142448.0
008 - FIXED-LENGTH DATA ELEMENTS--GENERAL INFORMATION
fixed length control field 030716s2005 maua b 001 0 eng
010 ## - LIBRARY OF CONGRESS CONTROL NUMBER
LC control number 2003110149
020 ## - INTERNATIONAL STANDARD BOOK NUMBER
International Standard Book Number 0324366086
035 ## - SYSTEM CONTROL NUMBER
System control number (DLC) 2003110149
040 ## - CATALOGING SOURCE
Original cataloging agency DLC
Transcribing agency DLC
Modifying agency DLC
042 ## - AUTHENTICATION CODE
Authentication code pcc
050 00 - LIBRARY OF CONGRESS CALL NUMBER
Classification number HF5635
Item number .P967 2005
082 00 - DEWEY DECIMAL CLASSIFICATION NUMBER
Classification number 657
Edition number 22
Item number REE
245 10 - TITLE STATEMENT
Title Principles of financial accounting /
Statement of responsibility, etc James M. Reeve, Carl S. Warren, Jonathan E. Duchac.
246 30 - VARYING FORM OF TITLE
Title proper/short title Financial accounting
250 ## - EDITION STATEMENT
Edition statement 10th ed.
260 ## - PUBLICATION, DISTRIBUTION, ETC. (IMPRINT)
Place of publication, distribution, etc Boston, MA :
Name of publisher, distributor, etc Thomson.,
Date of publication, distribution, etc c2007.
300 ## - PHYSICAL DESCRIPTION
Extent xxxiv, 846 p. :
Other physical details ill. ;
Dimensions 29 cm.
500 ## - GENERAL NOTE
General note Multi-media instructional aids, including a Web site, are available to supplement the text.
504 ## - BIBLIOGRAPHY, ETC. NOTE
Bibliography, etc Includes bibliographical references and indexes.
650 #0 - SUBJECT ADDED ENTRY--TOPICAL TERM
Topical term or geographic name as entry element Accounting.
700 1# - ADDED ENTRY--PERSONAL NAME
Personal name Powers, Marian.
942 ## - ADDED ENTRY ELEMENTS (KOHA)
Source of classification or shelving scheme
Holdings
Withdrawn status Item status Source of classification or shelving scheme Damaged status Not for loan Vendor Home library Current library Shelving location Date acquired Source of acquisition Cost, normal purchase price Serial Enumeration / chronology Total Checkouts Total Renewals Full call number Barcode Date last seen Date last borrowed Koha item type
    Dewey Decimal Classification     Alahram Central Library Central Library First floor 09/02/2009   334.10 6475 7 4 657 REE 000014730 15/07/2025 13/05/2018 Book - Borrowing